<?xml version="1.0" encoding="UTF-8"?>
<collection xmlns:xsi="http://www.w3.org/2001/XMLSchema-instance" xsi:schemaLocation="http://www.loc.gov/MARC21/slim http://www.loc.gov/standards/marcxml/schema/MARC21slim.xsd" xmlns="http://www.loc.gov/MARC21/slim">
 <record>
  <leader>00000nam a2200000 a 4500</leader>
  <controlfield tag="001">UP-1685675941122034275</controlfield>
  <controlfield tag="003">Buklod</controlfield>
  <controlfield tag="005">20240708094547.0</controlfield>
  <controlfield tag="006">a     r    |||| u|</controlfield>
  <controlfield tag="007">ta</controlfield>
  <controlfield tag="008">240708s1997    enk  ab r   b|101 0|eng d</controlfield>
  <datafield tag="020" ind1=" " ind2=" ">
   <subfield code="a">0198292309 </subfield>
  </datafield>
  <datafield tag="035" ind1=" " ind2=" ">
   <subfield code="a">2596017</subfield>
  </datafield>
  <datafield tag="040" ind1=" " ind2=" ">
   <subfield code="a">DLC</subfield>
   <subfield code="d">DPOP</subfield>
   <subfield code="e">rda</subfield>
  </datafield>
  <datafield tag="041" ind1=" " ind2=" ">
   <subfield code="a">eng</subfield>
  </datafield>
  <datafield tag="042" ind1=" " ind2=" ">
   <subfield code="a">DMLUC</subfield>
  </datafield>
  <datafield tag="090" ind1=" " ind2=" ">
   <subfield code="a">HQ 23</subfield>
   <subfield code="b">S46 1997</subfield>
  </datafield>
  <datafield tag="245" ind1="0" ind2="0">
   <subfield code="a">Sexual cultures and migration in the era of AIDS</subfield>
   <subfield code="b">anthropological and demographic perspectives</subfield>
   <subfield code="c">edited by Gilbert Herdt.</subfield>
  </datafield>
  <datafield tag="264" ind1=" " ind2="1">
   <subfield code="a">Oxford</subfield>
   <subfield code="b">Clarendon Press</subfield>
   <subfield code="c">1997.</subfield>
  </datafield>
  <datafield tag="300" ind1=" " ind2=" ">
   <subfield code="a">x, 256 pages</subfield>
   <subfield code="b">illustrations, maps</subfield>
   <subfield code="c">24 cm.</subfield>
  </datafield>
  <datafield tag="336" ind1=" " ind2=" ">
   <subfield code="a">text</subfield>
   <subfield code="2">rdacontent</subfield>
  </datafield>
  <datafield tag="337" ind1=" " ind2=" ">
   <subfield code="a">unmediated</subfield>
   <subfield code="2">rdamedia</subfield>
  </datafield>
  <datafield tag="338" ind1=" " ind2=" ">
   <subfield code="a">volume</subfield>
   <subfield code="2">rdacarrier</subfield>
  </datafield>
  <datafield tag="500" ind1=" " ind2=" ">
   <subfield code="a">Based on a conference held in Bangkok, Thailand in March 1994, organized by the International Union for the Scientific Study of Population in cooperation with the Institute of Population Studies, Chulalongkorn University.</subfield>
  </datafield>
  <datafield tag="504" ind1=" " ind2=" ">
   <subfield code="a">Includes bibliographical references and index.</subfield>
  </datafield>
  <datafield tag="505" ind1="0" ind2=" ">
   <subfield code="a">Sexual cultures and population movement : implications for AIDS/STDs / Gilbert Herdt -- Others have sex with others : Captain Cook and the penetration of the Pacific / John H. Gagnon -- Mobility, migration, sex, STDs, and AIDS : an essay on sub-Saharan Africa with other parallels / John C. Caldwell, John K. Anarfi, and Pat Caldwell -- Migration, sexual subcultures, and HIV/AIDS in Brazil / Richard G. Parker -- Population movement and the AIDS epidemic in Thailand / Anchalee Singhanetra-Renard -- Refugee women, violence, and HIV / Lynellyn D. Long -- Urban-rural differentials in HIV/STDs and sexual behaviour / Michel Caraël -- Some cultural underpinnings of male sexual behaviour patterns in Thailand / Mar VanLandingham and Nancy Grandjean -- Homophobia and the ethnoscape of sex work in Rio de Janeiro / Patrick Larvie -- Mobility, marriage, and prostitution : sexual risk among Thai in the Netherlands / Han ten Brummelhuis -- Mobility and migration : female commercial sex work and the HIV epidemic in northern Thailand / Katherine C. Bond [and others] -- Sexual networking, use of condoms, and perception of STDs and HIV/AIDS transmission among migrant sex workers in Lagos, Nigeria / I.O. Orubuloye -- Sexual relations between migration populations (Vietnamese with Mexican and Anglo) and HIV/STD infection in Southern California / Joseph Carrier, Bang Nguyen, and Sammy Su.</subfield>
  </datafield>
  <datafield tag="591" ind1=" " ind2=" ">
   <subfield code="a">PI-8353 donated by Department of Global Development Cornell University Ithaca.</subfield>
  </datafield>
  <datafield tag="650" ind1=" " ind2="0">
   <subfield code="a">Demographic anthropology</subfield>
   <subfield code="x">Congresses.</subfield>
  </datafield>
  <datafield tag="650" ind1=" " ind2="0">
   <subfield code="a">Population geography</subfield>
   <subfield code="x">Congresses.</subfield>
  </datafield>
  <datafield tag="650" ind1=" " ind2="0">
   <subfield code="a">Sex customs</subfield>
   <subfield code="x">Congresses.</subfield>
  </datafield>
  <datafield tag="650" ind1=" " ind2="0">
   <subfield code="a">Sexually transmitted diseases</subfield>
   <subfield code="x">Congresses.</subfield>
  </datafield>
  <datafield tag="700" ind1="1" ind2=" ">
   <subfield code="a">Herdt, Gilbert H.</subfield>
   <subfield code="d">1949-</subfield>
   <subfield code="e">editor.</subfield>
  </datafield>
  <datafield tag="905" ind1=" " ind2=" ">
   <subfield code="a">FO</subfield>
  </datafield>
  <datafield tag="852" ind1="0" ind2=" ">
   <subfield code="a">UPD</subfield>
   <subfield code="b">DPOP</subfield>
   <subfield code="h">HQ 23</subfield>
   <subfield code="i">S46 1997</subfield>
  </datafield>
  <datafield tag="942" ind1=" " ind2=" ">
   <subfield code="a">Book</subfield>
  </datafield>
 </record>
</collection>
